| 000 | 01088nam a2200265 a 4500 | ||
|---|---|---|---|
| 001 | 000040462 | ||
| 005 | 20201002034139.0 | ||
| 008 | 120120s1992 cl 000 0 spa d | ||
| 020 | _a9580467463 | ||
| 040 |
_aDO-SdBNP _bspa _cBNPHU |
||
| 082 |
_a823.8 _bW671f |
||
| 100 | 1 |
_aWilde, Oscar, _d1854-1900 _913294 |
|
| 245 | 1 | 3 |
_aEl fantasma de Canterville y otros cuentos ; a propósito Oscar Wilde : su vida y su obra / _cOscar Wilde ;traducción Pedro Lama. |
| 246 | 1 | 0 |
_aA propósito Oscar Wilde : _bsu vida y su obra . |
| 246 | 1 | 4 | _aOscar Wilde su vida y su obra |
| 260 |
_aBogotá : _bNorma, _c1992. |
||
| 300 |
_a124, 77 p. ; _c20 cm. |
||
| 505 | 0 |
_aEl crimen de Lorrd Arthur Saville _tEl fantasma de Canterville -- _tEl cumpleaños de la infanta -- _tPoemas en prosa |
|
| 563 | _aDos obras encuadernadas juntas con paginación invertida | ||
| 600 | 1 | 4 |
_aWILDE, OSCAR _d1854-1900 _xCRÍTICA E INTERPRETACIÓN _966759 |
| 650 | 4 |
_aCuentos irlandeses _962832 |
|
| 650 | 4 |
_aLiteratura irlandesa _911512 |
|
| 700 | 1 | 2 |
_aLama, Pedro _etr. _966760 |
| 910 | _aValidado. Control de calidad MFF | ||
| 999 |
_c39952 _d39952 |
||